Suma presencia : (Registro nro. 7754)

Detalles MARC
000 -LIDER
fixed length control field 02659nam a2200349 a 4500
001 - NÚMERO DE CONTROL
Identificador de número de control 000008928
003 - IDENTIFICACDOR DE NÚMERO DE CONTROL
control field DO-SdBNP
005 - DATE AND TIME OF LATEST TRANSACTION
control field 20170927112857.0
007 - CAMPOS FIJOS DE DESCRIPCIÓN FÍSICA
fixed length control field 000008928
008 - ELEMENTOS DE LONGITUD FIJA
fixed length control field 090921s2000 dr 001 p spa d
020 ## - ISBN
International Standard Book Number 9993431044
040 ## - FUENTE DE CATALOGACIÓN
Agencia que crea de manera original el registro BPMSU
Idioma de catalogación spa
Agencia que realiza la transcripción BPMSU
082 #4 - NÚMERO DE CLASIFICACIÓN DECIMAL DE DEWEY
Classification number RD861.44
Item number B584s
100 1# - ASIENTO PRINCIPAL -- NOMBRE PERSONAL
Nombre personal Bidó, Victor,
Fechas asociadas con el nombre 1959-
245 10 - MENCIÓN DE TITULO
Título Suma presencia :
Subtítulo (obras poéticas 1994-1999) /
Mención de responsabilidad Víctor Bidó.
260 ## - PUBLICACIÓN, DISTRIBUCIÓN, ETC. (PIE DE IMPRENTA)
Lugar de publicación, distribución, etc Santo Domingo :
Nombre del editor, distribuidor, etc. Biblioteca Nacional,
Fecha de publicación, distribución, etc 2000.
300 ## - DESCRIPCIÓN FÍSICA
Extensión 121 p. ;
Dimensiones 23 cm.
490 1# - MENCIÓN DE SERIES
Mención de serie Biblioteca Nacional de la República Dominicana
-- Poesía, no. 2
Volume/sequential designation 4
490 1# - MENCIÓN DE SERIES
Volume/sequential designation no. 2
500 ## - NOTA GENERAL
Nota general Incluye datos biográficos del autor en la solapa de la cubierta.
505 0# - NOTA DE CONTENIDO
Información miscelánea Presentación --
-- Planeando una fuga --
Título Diario ;
-- El hombre ;
-- No muere ;
-- Lo inminente ;
-- Cielo ;
-- Planeando una fuga ;
-- Milagro ;
-- Icaro ;
-- Oda al jarro ;
-- Por el agua ;
-- La palabra ;
-- Bajo relieve ;
-- Voz del mar ;
-- La morada ;
Información miscelánea Regreso constante --
Título Regreso constante ;
Información miscelánea El cielo en el espacio ;
Título La noches de los cuerpos ;
-- Paradojas ;
-- El viajero ;
-- Cosas del azar ;
-- Día de San Andrés ;
-- Va por el río --
-- ¿Presagio o sueño? ;
-- La maravilla del río ;
-- La esencia es ir ;
-- En la habitación el espejo ;
-- Bajo un cielo oscuro como el canto ;
-- Quien mira ;
-- El vidente y el pájaro ;
-- Ángel caído en el agua ;
-- El espejo tiene sed ;
-- El cielo en el espejo ;
-- Mis tesoros ;
-- Algo me inspira este vuelo ;
-- Hay noches, la noche ;
-- Otra vez vuelvo sobre mi flaqueza ;
-- Bien conduce el alma ;
-- Las ruedas del camino ;
-- Esa flor ;
-- Observancia ;
-- Miro ;
-- Basta mirar ese crepúsculo ;
-- Ese instante se refleja ;
-- Dialéctica ;
-- Homenaje a E. M. Cioran ;
Información miscelánea Daría suerte la oculta verdad --
-- Alguien se vuelve y contempla ;
Título He de reír ante el impacto ;
-- En el reparto me quedé sin nada ;
-- La calamidad regresó ;
-- Lo migratorio en la envoltura meditando ;
-- Por los rincones del aire, la luz ;
-- Sueño del sábado ;
-- Alguien se vuelve y contempla ;
-- Estás al borde del vacío ;
-- Mirar el cauce solitario ;
-- Paisaje ;
-- Ahogada en soledad ;
-- Día ;
-- No intento remediar lo dicho ;
-- La forma prevé la ausencia ;
-- Adosado a lo imposible ;
-- En la raíz de la cabezuela.
650 #4 - ENCABEZAMIENTO DE MATERIA--TEMÁTICO
Término temático o nombre geográfico como elemento de entrada POESÍA DOMINICANA
650 #4 - ENCABEZAMIENTO DE MATERIA--TEMÁTICO
Término temático o nombre geográfico como elemento de entrada LITERATURA DOMINICANA
830 #0 - ASIENTO SECUNDARIO DE SERIE--TÍTULO UNIFORME
Título uniforme Biblioteca Nacional de la República Dominicana
-- poesía, no. 2
Volume number/sequential designation v. 4
910 ## - VALIDACIÓN
Validación Validado. Control de calidad MFF
942 ## - ADDED ENTRY ELEMENTS (KOHA)
Source of classification or shelving scheme Dewey Decimal Classification
Koha item type Libros
945 ## - INFORMACIÓN DE PROCESAMIENTO LOCAL
Información de procesamiento local Inventariado, 2017/MFF
956 ## - LOCAL ELECTRONIC LOCATION AND ACCESS (OCLC)
Nombre de host MGARCIA
Número de acceso 10
Información de compresión 20090926
Inicio de sesión BND01
Procesador de solicitud 1105
956 ## - LOCAL ELECTRONIC LOCATION AND ACCESS (OCLC)
Nombre de host BTAVAREZ
Número de acceso 10
Información de compresión 20091001
Inicio de sesión BND01
Procesador de solicitud 1343
956 ## - LOCAL ELECTRONIC LOCATION AND ACCESS (OCLC)
Nombre de host YPOLANCO
Número de acceso 04
Información de compresión 20110606
Inicio de sesión BND01
Procesador de solicitud 1411
956 ## - LOCAL ELECTRONIC LOCATION AND ACCESS (OCLC)
Nombre de host VMATEO
Número de acceso 10
Información de compresión 20150429
Inicio de sesión BMET02
Procesador de solicitud 00151
Existencias
Withdrawn status Lost status Source of classification or shelving scheme Damaged status Not for loan Collection code Home library Current library Date acquired Total Checkouts Full call number Barcode Date last seen Price effective from Koha item type Copy number
    Dewey Decimal Classification     Colección Dominicana Biblioteca Pública Metropolitana Salomé Ureña Biblioteca Pública Metropolitana Salomé Ureña 04/29/2015   RD861.44 B584s BPMSU15041462 04/29/2015 04/29/2015 Libros  
    Dewey Decimal Classification     Colección Dominicana Biblioteca Pública Metropolitana Salomé Ureña Biblioteca Pública Metropolitana Salomé Ureña 04/29/2015   RD861.44 B584s BPMSU15041463 04/29/2015 04/29/2015 Libros ej. 2
    Dewey Decimal Classification     Colección Dominicana Biblioteca Pública Metropolitana Salomé Ureña Biblioteca Pública Metropolitana Salomé Ureña 04/29/2015   RD861.44 B584s BPMSU15041464 04/29/2015 04/29/2015 Libros ej. 3